|
|
|
|
| LEADER |
00000nab a2200000ua 4500 |
| 001 |
vtls010809824 |
| 003 |
SK-MaSNL |
| 005 |
20260303131859.0 |
| 008 |
230218s1969 xo |||||||||||||||||ukr| |
| 035 |
|
|
|a (urnnbn)urn:nbn:sk:snk:ar-00437k
|
| 035 |
|
|
|a (uuid)b87f9e79-3f3b-4033-94b2-0cf6615b5195
|
| 035 |
|
|
|a urn:nbn:sk:snk-ab42kn
|
| 040 |
|
|
|a SNKBUCL
|b slo
|c SNKBUCL
|e AACR2
|
| 041 |
0 |
|
|a ukr
|
| 044 |
|
|
|a xo
|c SK
|
| 100 |
1 |
|
|a VALER'JAN, POLIŠČUK
|4 aut
|9 1149094
|
| 245 |
1 |
0 |
|a NA MORI
|c Valer'jan Poliščuk
|
| 773 |
0 |
|
|t Duklja : literaturno-chudožnij ta hromads'ko-polityčnyj al'manach
|g Roč. 17, č. 4 (1969), s. 33
|
| 958 |
|
|
|a OND
|
| 958 |
|
|
|a EUIPO
|
| 958 |
|
|
|a article3
|
| 999 |
|
|
|c 1947607
|d 1949537
|